Educar las emociones: educar para la vida
Saved in:
| Hovedforfatter: | |
|---|---|
| Format: | Bog |
| Sprog: | spansk |
| Udgivet: |
Santiago
Ediciones B Chile
2009
|
| Udgivelse: | 3a. ed |
| Serier: | Vivir Mejor
|
| Fag: | |
| Tags: |
Tilføj Tag
Ingen Tags, Vær først til at tagge denne postø!
|
MARC
| LEADER | 00000nam a2200000 a 4500 | ||
|---|---|---|---|
| 001 | UCH7860 | ||
| 003 | CL-VaPUC | ||
| 008 | 091126e20090000CL |||||||||||||||||spa|d | ||
| 020 | |a 9789563040579 | ||
| 082 | 0 | 4 | |a 155 |b CES |2 21 |
| 100 | 0 | |a Céspedes Calderón, Amanda |e author |9 544245 | |
| 245 | 1 | 0 | |a Educar las emociones: educar para la vida |
| 250 | |a 3a. ed | ||
| 300 | |a 217 p | ||
| 942 | |c BK | ||
| 945 | |d 20091126 00:00:00 |a cmena | ||
| 260 | |a Santiago |b Ediciones B Chile |c 2009 | ||
| 650 | 0 | |a Desarrollo emocional |9 313058 | |
| 650 | 0 | |a Psicología del niño |9 307305 | |
| 650 | 0 | |a Inteligencia emocional |9 430453 | |
| 650 | 0 | |a Resiliencia |9 484834 | |
| 650 | 0 | |a Métodos de enseñanza |9 270413 | |
| 650 | 7 | |a ROL DE LOS PADRES |2 CL-VaPUC |9 338980 | |
| 650 | 0 | |a Rol del docente |9 329733 | |
| 650 | 0 | |a Trastornos del comportamiento |9 311363 | |
| 583 | |a last modification |c 20091126 00:00:00 |k Rodrigo Vera | ||
| 490 | 0 | |a Vivir Mejor | |
| 999 | |c 338206 |d 338204 | ||
| 952 | |0 0 |1 0 |4 0 |6 155_000000000000000_CES_2009 |7 0 |8 C |9 431089 |a BIBCUR |b BIBCUR |d 2019-11-22 |i 4561244 |o 155 CES 2009 |p 4561244 |r 2025-04-22 |w 2019-11-22 |y BK |k CAC | ||